| 000 | 01176nam0a2200337 4500 | ||
|---|---|---|---|
| 001 | RU\NLR\bibl\1494476 | ||
| 005 | 20250616013918.0 | ||
| 010 |
_a978-5-394-00797-2 _91500 |
||
| 021 |
_aRU _b2010-10662 _9702 |
||
| 035 | _a(nilc)RSL-KNO-004583349 | ||
| 035 | _a(NLR Aleph) 001485991 | ||
| 090 |
_a1733410 _c1733410 |
||
| 100 | _a20100216d2010 |||y0rusy50 ca | ||
| 101 | 0 | _arus | |
| 102 | _aRU | ||
| 105 | _ay zzzz||||| | ||
| 200 | 1 |
_aСемейный бизнес по-русски _fТ. В. Шнуровозова |
|
| 210 |
_aМосква _cДашков и К° _d2010 |
||
| 215 |
_a204, [3] с. _d20 |
||
| 320 | _aБиблиогр. в конце кн. (4 назв.) | ||
| 606 | 1 |
_aПредпринимательство семейное _yРоссийская Федерация _92594331 _3RU\NLR\auth\661532957 |
|
| 686 |
_aУ9(2)29,0 _2rubbk |
||
| 686 | _aУ9(2)-13(2Р) | ||
| 700 | 1 |
_aШнуровозова _bТ. В. _gТатьяна Владимировна _4070 |
|
| 801 | 0 |
_aRU _bРГБ _c20100216 _grcr |
|
| 801 | 1 |
_aRU _bРГБ _c20100216 |
|
| 801 | 2 |
_aRU _bNLR _c20100405 _grcr |
|
| 830 | _aавт. по кн. | ||
| 942 | _cBOOK | ||
| 980 | _aNB | ||